1794 1158 1657 1904 1063 1722 1655 1788 1177 1501 1874 1450 1854 1212 1188 1250 1211 1626 1661 1038 1210 1012 1891 1258 1111 1270 1379 1525 1500 1315 1961 1672 1974 1040 1828 1358 1839 1904 1171 1798 1923 1268 1788 1535 1532 1977 1416 1665 1947 1023 1784 1812 1753 1352 1878 1208 1217 1101 1270 1292 1488 1294 1918 1293 1664 1638 1699 1070 1164 1377 1573 1843 1061 1796 1582 1133 1357 1973 1387 1138 1582 1499 1225 1733 1993 1433 1694 1355 1220 1087 1239 1871 1650 1872 1108 1087 1787 1971 1155 BCNSPRNW ULIB Ver.6.0+V

เปลี่ยนเป็นภาษาไทย

Change to English
 แสดงรายละเอียดบรรณานุกรม
  กลับหน้าหลัก

Brief Record : Get Marc (ISO 2709) : E-mail record : QR code < ปิดหน้าต่าง
LEADER : 00000nam 2200000uu 4500
001    13399124569
003     ULIB
008    020711s2558 th a 000 0 tha d
020    9789746729468
060    QY200^bส687ส
100    สาวิตรี เจียมพานิชยกุล.
245    สารน้ำในร่างกาย =^bBody fluids./^cสาวิตรี เจียมพานิชยกุล,ทรงยศ อนุชปรีดา.,ณัฐจีรา อินต๊ะใส.,สิงห์คำ ธิมา.
250    พิมพ์ครั้งที่ 1
260    เชียงใหม่ :^bมหาวิทยาลัยเชียงใหม่,^c2558
300    208 หน้า;^b21 ซม.
650    สารน้ำในร่างกาย
700    ทรงยศ อนุชปรีดา.
700    ณัฐจีรา อินต๊ะใส.
700    สิงห์คำ ธิมา.
710    มหาวิทยาลัยเชียงใหม่.^bคณะเทคนิคการแพทย์.
945    ^p370^l0^i23198
945    ^p370^l0^i23197
945    ^p370^l0^i23196
รายการนี้ยังไม่มีแท็ก
คุณยังไม่ได้ล็อกอิน คุณสามารถมีกิจกรรมร่วมกับเว็บไซต์ได้ แต่ต้องล็อกอินก่อน ::
  ล็อกอิน

รายการสื่อสารสนเทศ

ลำดับที่ ประเภท เลขเรียก/บาร์โค้ด สถานที่ สถานะ
1. วิทยาศาสตร์การแพทย์ และสุขภาพ
วิทยาศาสตร์การแพทย์ และสุขภาพ
สถานะ=หนังสือเก่า
QY200 ส687ส ฉ.1 
  Barcode: 23196
ห้องสมุดวิทยาเขตนครสวรรค์
►ส่วนจัดเก็บหนังสือเก่า นว.
บนชั้น
  ขอยืม
2. วิทยาศาสตร์การแพทย์ และสุขภาพ
วิทยาศาสตร์การแพทย์ และสุขภาพ
สถานะ=หนังสือเก่า
QY200 ส687ส ฉ.2 
  Barcode: 23197
ห้องสมุดวิทยาเขตนครสวรรค์
►ส่วนจัดเก็บหนังสือเก่า นว.
บนชั้น
  ขอยืม
3. วิทยาศาสตร์การแพทย์ และสุขภาพ
วิทยาศาสตร์การแพทย์ และสุขภาพ
สถานะ=หนังสือเก่า
QY200 ส687ส ฉ.3 
  Barcode: 23198
ห้องสมุดวิทยาเขตนครสวรรค์
►ส่วนจัดเก็บหนังสือเก่า นว.
บนชั้น
  ขอยืม

รายการใกล้เคียง
    ผู้แต่ง [สาวิตรี เจียมพานิชยกุล.]

    หัวเรื่อง [สารน้ำในร่างกาย]

BibComment


ยังไม่เคยถูกคอมเมนท์

คอมเมนท์ทรัพยากรรายการนี้
  คอมเมนท์: สารน้ำในร่างกาย ..


 Copyright 2026. Bcnsprnw @Library